000 00532nam a22001817a 4500
005 20151106170443.0
010 _aENG-113998
020 _c200.00
_a9789350450710
035 _aEN-97530
037 _bDBAD/PUB
_adpl
082 _a881
100 _aEesha Kumar
245 _aRandom access memory /
_cby Eesha Kumar
260 _aCalcutta
_bWriters Workshop
_c2014
270 _a162/92, Lake Garden,
_bCalcutta
_e700045
300 _a89p.
_c22cm(Hb)
942 _2ddc
_cEN
_mEES
_h881
999 _c96543
_d96543